| 000 | 00307nam a22001097a 4500 | ||
|---|---|---|---|
| 082 | _aCP-91 | ||
| 100 |
_aNiazi, Lt Col Bilal Sulaman _951750 |
||
| 245 |
_aMechanics of Solids - I _bFall Semester 2017 & 2018 _cOD-86,OD-88, CED 87&89 |
||
| 526 |
_a0 _b0 _c0 _dCP_91 |
||
| 526 |
_a0 _b0 _c0 _dCP_91 |
||
| 942 |
_2ddc _cBK |
||
| 999 |
_c554305 _d554305 |
||